000 00987nam a22003137a 4500
001 0066354
003 KOHA_MİRAKIL
005 20260207004639.0
007 ta
008 210831b2020 tu a|||gr||||#0|||0|tur |
020 _a9786057822598
040 _aTR-BiSEU
_btur
_cTR-BiSEU
_erda
041 0 _atur
044 _ctu
050 _aHV549
_b.S44 2020
245 1 _aŞehir ve güvenlik/
_cderleyenler Orçun İmga, Emir Osmanoğlu.
264 1 _aAnkara :
_bPolis Akademisi Yayınları
_c2020
300 _a377 sayfa :
_btablo; 25 cm.
336 _ametin
_btxt
_2rdacontent
337 _aaracısız
_bn
_2rdamedia
338 _acilt
_bnc
_2rdacarrier
490 1 _aPolis Akademisi Yayınları ;
_v112
500 _aKaynakça var.
650 0 _aKriminoloji--Kamu güvenliği--Genel çalışmalar.
_9125459
650 0 _aCriminology--Public safety--General works.
_9125460
830 1 _aPolis Akademisi Yayınları ;
_v112
_955619
907 _aSosyal Bilimler
942 _2lcc
_cBK
999 _c66793
_d66793